Sports Quiz

Random Sports or MLB Quiz

MLB - Worst 300-HR Hitters Quiz Stats

Quiz not verified by Sporcle

Also try: NFL Top 5 Rushers
Challenge
Share
Tweet
Embed
Score 0/55 Timer 10:00
0 Plays Today
OPS+ (HR) Player % Correct
+115 (442)Dave Kingman
79%
+124 (440)Adam Dunn
74%
+111 (434)Andruw Jones
71%
+119 (414)Darrell Evans
63.7%
+113 (378)Matt Williams
63%
+119 (354)Luis Gonzalez
62.4%
+105 (396)Joe Carter
60.8%
+115 (324)Gary Carter
60.8%
+121 (398)Dale Murphy
56.1%
+112 (431)Cal Ripken
55.7%
+119 (438)Andre Dawson
55.4%
+121 (350)Chili Davis
54.6%
+122 (512)Ernie Banks
53.8%
+119 (399)Andres Galarraga
53%
+119 (319)Cecil Fielder
51.5%
+119 (434)Paul Konerko
51.4%
+117 (376)Carlton Fisk
50.4%
+122 (379)Tony Perez
50.3%
+112 (339)Tino Martinez
49.8%
+113 (355)Greg Vaughn
49.2%
+124 (310)Jay Buhner
47.8%
+113 (358)Carlos Lee
47.5%
+122 (331)Derrek Lee
47.5%
+95 (320)Vinny Castilla
47%
+117 (354)Aramis Ramirez
45.8%
+121 (339)Dave Parker
45.7%
+123 (377)Jeff Kent
44%
+110 (390)Graig Nettles
43.8%
OPS+ (HR) Player % Correct
+120 (328)Shawn Green
43.5%
+97 (360)Gary Gaetti
42.8%
+120 (306)Richie Sexson
42.7%
+106 (311)Ivan Rodriguez
42.3%
+113 (406)Alfonso Soriano
39.2%
+121 (384)Harold Baines
37.7%
+119 (320)Troy Glaus
37.6%
+122 (358)Carlos Beltran
37.6%
+106 (324)Lance Parrish
36.1%
+118 (338)Don Baylor
36%
+114 (376)Adrian Beltre
35.1%
+104 (304)Steve Finley
34.7%
+116 (354)Lee May
34.4%
+120 (370)Gil Hodges
33.8%
+111 (325)Jermaine Dye
33.6%
+121 (316)Ron Cey
33.3%
+108 (307)Miguel Tejada
32.3%
+122 (316)Scott Rolen
31.9%
+112 (321)Ron Gant
29.8%
+105 (306)Ruben Sierra
27.5%
+115 (305)Reggie Sanders
26.5%
+112 (315)Jeromy Burnitz
25.5%
+111 (314)Torii Hunter
22.5%
+124 (336)Joe Adcock
21.7%
+113 (300)Raul Ibanez
21.1%
+120 (325)Willie Horton
19.6%
+124 (318)Roy Sievers
14.9%

You're not logged in!

Compare scores with friends on all Sporcle quizzes.
Join for Free
OR
Log In

You Might Also Like...

Show Comments

Extras

Top Quizzes Today


Score Distribution

Your Account Isn't Verified!

In order to create a playlist on Sporcle, you need to verify the email address you used during registration. Go to your Sporcle Settings to finish the process.

Report this User

Report this user for behavior that violates our Community Guidelines.

Details: